Paying due diligence to new eco rules (Record no. 76191)
[ view plain ]
| 000 -LEADER | |
|---|---|
| fixed length control field | 01296cab a2200253 4500 |
| 001 - CONTROL NUMBER | |
| control field | ##L131602 |
| 008 - FIXED-LENGTH DATA ELEMENTS--GENERAL INFORMATION | |
| fixed length control field | 051118n2005 000 0 eng u |
| 035 ## - SYSTEM CONTROL NUMBER | |
| System control number | (Sirsi) u131602 |
| 041 0# - LANGUAGE CODE | |
| Language code of text/sound track or separate title | eng |
| 100 1# - MAIN ENTRY--PERSONAL NAME | |
| Personal name | Curd, Clive |
| 245 00 - TITLE STATEMENT | |
| Title | Paying due diligence to new eco rules |
| 260 ## - PUBLICATION, DISTRIBUTION, ETC. | |
| Date of publication, distribution, etc. | 2005 |
| 490 #0 - SERIES STATEMENT | |
| Series statement | QS News |
| Volume/sequential designation | 11 November 2005, 13(1) |
| 520 ## - SUMMARY, ETC. | |
| Summary, etc. | Argues that Parts L and F of the Building Regulations, due to come into force in 2006, will inevitably lead to an increase in building costs. Considers the possible range of incentives which might be offered by government to encourage developers to adopt a more environmentally-friendly policy, including grants for alternative energy sources, enhanced capital allowances, and tax breaks. |
| 590 ## - LOCAL NOTE (RLIN) | |
| Local note | IKA221105 |
| 650 24 - SUBJECT ADDED ENTRY--TOPICAL TERM | |
| Topical term or geographic name entry element | BUILDING REGULATIONS 2000 APPROVED DOCUMENT L1A (2005 INTERIM EDITION) |
| 650 24 - SUBJECT ADDED ENTRY--TOPICAL TERM | |
| Topical term or geographic name entry element | BUILDING REGULATIONS 2000 APPROVED DOCUMENT L1B (2005 INTERIM EDITION) |
| 650 24 - SUBJECT ADDED ENTRY--TOPICAL TERM | |
| Topical term or geographic name entry element | BUILDING REGULATIONS 2000 APPROVED DOCUMENT L2A (2005 INTERIM EDITION) |
| 650 24 - SUBJECT ADDED ENTRY--TOPICAL TERM | |
| Topical term or geographic name entry element | BUILDING REGULATIONS 2000 APPROVED DOCUMENT L2B (2005 INTERIM EDITION) |
| 650 24 - SUBJECT ADDED ENTRY--TOPICAL TERM | |
| Topical term or geographic name entry element | BUILDING REGULATIONS 2000 APPROVED DOCUMENT F (2005 INTERIM EDITION) |
| 650 24 - SUBJECT ADDED ENTRY--TOPICAL TERM | |
| Topical term or geographic name entry element | DIRECTIVE 2002/91/EC |
| 690 ## - LOCAL SUBJECT ADDED ENTRY--TOPICAL TERM (OCLC, RLIN) | |
| Topical term or geographic name as entry element | Building regulations |
| 9 (RLIN) | 6224 |
| 942 ## - ADDED ENTRY ELEMENTS (KOHA) | |
| Suppress in OPAC | 0 |
| Withdrawn status | Lost status | Source of classification or shelving scheme | Damaged status | Not for loan | Home library | Current library | Shelving location | Date acquired | Total Checkouts | Full call number | Barcode | Date last seen | Copy number | Price effective from | Koha item type |
|---|---|---|---|---|---|---|---|---|---|---|---|---|---|---|---|
| Dewey Decimal Classification | London | London | Journal article | 18/11/2005 | L131602 | 131602-1001 | 06/08/2019 | 1 | 06/08/2019 | Journal article |